000 01754nam0a2200385 4500
001 RU\NLR\bibl\1854449
005 20260406045609.0
010 _a978-5-9916-1706-2
_91000
021 _aRU
_b2011-100027
_97159
035 _a(NLR Aleph) 001844383
090 _a2315865
_c2315865
100 _a20120111d2012 |||y0rusy50 ca
101 0 _arus
102 _aRU
105 _aa |||||||||
200 1 _aПсихология социальной работы: содержание и методы психосоциальной практики
_eучебное пособие для бакалавров
_eучебное пособие для студентов факультетов социальной работы
_fМ. В. Фирсов, Б. Ю. Шапиро
205 _a6-е изд., перераб. и доп.
210 _aМосква
_cЮрайт
_d2012 [т.е. 2011]
215 _a390 с.
_d21
225 1 _aБакалавр
225 1 _aУчебное пособие
225 1 _aУчебно-методическое объединение рекомендует
300 _aКн. фактически издана в 2011 г.
320 _aБиблиогр.: с. 388-390
606 1 _aПсихосоциальная работа
_jУчебные издания для высших учебных заведений
_92175760
_3RU\NLR\auth\661308591
686 _aС550.473я73
686 _aЮ949.2я73
700 1 _aФирсов
_bМ. В.
_gМихаил Васильевич
_4070
701 1 _4070
_7ca
_8rus
_aШапиро
_bБ. Ю.
_gБорис Юрьевич
_9115221
_3RU\NLR\auth\775256
801 0 _aRU
_bNLR
_c20120111
_gRCR
801 1 _aRU
_bNLR
_c20120111
942 _cBOOK
980 _aNB
980 _aNBR